| 000 | 00878nam a22002537a 4500 | ||
|---|---|---|---|
| 005 | 20170123162303.0 | ||
| 010 | _aB-209330 | ||
| 020 |
_c100.00 _a8180420949 |
||
| 035 | _aB-209330 | ||
| 037 | _bCen Lib/Ret | ||
| 040 |
_aDPL _bUR |
||
| 082 |
_a230.1 _bر ا م |
||
| 245 |
_aراجا جی کی را ما ین : _c ترجمہ یونس اگاصکر _bبال کانڈ / |
||
| 246 |
_aRajaji ke ramyana : baal kand / _btarjuma Yunus Agaskar |
||
| 260 |
_aنئی دہلی _bماڈرن پبلشنگ ہاؤس _c2005 |
||
| 270 |
_a٩، گولہ مارکیٹ، دریاگنج _bنئی دہلی _e110002 |
||
| 300 |
_a96p. _c21cm(Hb) |
||
| 650 |
_a ہندومت _9108029 |
||
| 650 |
_a رامائن _9108030 |
||
| 650 |
_aHinduism _9108031 |
||
| 650 |
_aRamayana _9108032 |
||
| 700 |
_aاگاصکر، یونس _9399 |
||
| 942 |
_2ddc _cUR _h230.1 _mر ا م |
||
| 999 |
_c106126 _d106126 |
||